000 00808nam a2200241Ia 4500
003 OSt
005 20230727112846.0
008 210716s2014 xx 000 0 und d
020 _a9788132117919
040 _cAIMIT LIBRARY
041 _aeng
082 _a346.048
_21
_bRYDR
100 _aRyder, Rodney D.
_9128600
245 _aIntellectual property and business :
_bpower of intangible assets /
_cBy Rodney D Ryder and Ashwin Madhavan.
250 _a1st ed.
260 _aNew Delhi :
_bSage Publications ,
_c2014.
300 _axii,304p. ;
_bPB
_c21.2 cm.
651 _aIntellectual asset management
_9128601
651 _aIntellectual property licensing
_9128602
651 _aRoyalty and intellectual property
_9128603
700 _aMadhavan, Ashwin.
_9128604
942 _2ddc
_cBK
_e1st
_k346.048 RYDR
999 _c211434
_d211434